[Event "DM 2023 Kort Paaske 1 Grp1"]
[Site "Svendborg"]
[Date "2023.04.01"]
[Round "1"]
[White "Easwaralingam, Adesh"]
[Black "Ringsmose, Christian"]
[Result "1-0"]
[WhiteElo "2164"]
[BlackElo "1778"]
[PlyCount "31"]
[EventDate "2023.04.01"]
[EventType "swiss"]
[EventRounds "5"]
[EventCountry "DEN"]
[SourceTitle "Live v. Kasper Jerwiarz"]

1. e4 e6 2. d4 d5 3. Nd2 c5 4. Ngf3 cxd4 5. Nxd4 Nc6 6. Bb5 Bd7 7. Nxc6 bxc6 8.
Bd3 Bd6 9. Qe2 e5 10. O-O Qe7 11. c4 d4 12. f4 exf4 13. Nf3 Bg4 14. e5 Bc7 15.
Bxf4 f6 16. Qe4 1-0

[Event "DM 2023 Kort Paaske 1 Grp1"]
[Site "Svendborg"]
[Date "2023.04.01"]
[Round "1"]
[White "Hansen, Mikkel Strandby"]
[Black "Christensen, Simon"]
[Result "1-0"]
[WhiteElo "1795"]
[BlackElo "1981"]
[PlyCount "73"]
[EventDate "2023.04.01"]
[EventType "swiss"]
[EventRounds "5"]
[EventCountry "DEN"]
[SourceTitle "Live v. Kasper Jerwiarz"]

1. d4 e6 2. Bf4 f5 3. e3 Nf6 4. Nd2 b6 5. Bd3 Bb7 6. Ngf3 Be7 7. h3 O-O 8. c3
d6 9. a4 Qe8 10. Qb3 Bd5 11. Bc4 Nc6 12. Bxd5 Nxd5 13. Bh2 Qg6 14. Rg1 Bf6 15.
O-O-O a6 16. g4 Qf7 17. Rg2 b5 18. Rdg1 Rfb8 19. g5 Be7 20. g6 hxg6 21. Rxg6
Bf6 22. e4 bxa4 23. Qxa4 Nde7 24. R6g2 Rb5 25. e5 dxe5 26. dxe5 Nxe5 27. Bxe5
Rxe5 28. Nxe5 Bxe5 29. f4 Bf6 30. Nf3 Nd5 31. Ne5 Qe7 32. Nd7 g5 33. Nxf6+ Qxf6
34. Rxg5+ Kf8 35. Rg8+ Ke7 36. Rxa8 Nb6 37. Qe8+ 1-0

[Event "DM 2023 Kort Paaske 1 Grp1"]
[Site "Svendborg"]
[Date "2023.04.01"]
[Round "1"]
[White "Marthedal, Anton Mehmet Yildiz"]
[Black "Petersen, Frank Gjerning"]
[Result "1-0"]
[WhiteElo "2072"]
[BlackElo "1770"]
[PlyCount "47"]
[EventDate "2023.04.01"]
[EventType "swiss"]
[EventRounds "5"]
[EventCountry "DEN"]
[SourceTitle "Live v. Kasper Jerwiarz"]

1. d4 f5 2. Nc3 e6 3. e4 Bb4 4. exf5 exf5 5. Bd3 d5 6. Qf3 g6 7. Nge2 c6 8. h4
Nf6 9. h5 Kf7 10. Bg5 Be7 11. hxg6+ hxg6 12. O-O-O Kg7 13. Nf4 Bd6 14. Nce2 Qg8
15. Bxf6+ Kxf6 16. g4 Rxh1 17. Rxh1 Na6 18. gxf5 gxf5 19. Rh6+ Ke7 20. Qe3+ Kd7
21. Rxd6+ Kxd6 22. Qe5+ Kd7 23. Bxf5+ Kd8 24. Qd6+ 1-0

[Event "DM 2023 Kort Paaske 1 Grp1"]
[Site "Svendborg"]
[Date "2023.04.01"]
[Round "1"]
[White "Marcussen, Claus"]
[Black "Nielsen Refs, Karl Emil Elmer"]
[Result "0-1"]
[WhiteElo "1643"]
[BlackElo "2024"]
[PlyCount "70"]
[EventDate "2023.04.01"]
[EventType "swiss"]
[EventRounds "5"]
[EventCountry "DEN"]
[SourceTitle "Live v. Kasper Jerwiarz"]

1. f4 d5 2. Nf3 c5 3. e3 Nc6 4. d4 Bg4 5. c3 e6 6. h3 Bf5 7. Be2 Nf6 8. O-O Ne4
9. Qe1 Bd6 10. Nfd2 Nf6 11. Nf3 h6 12. Ne5 O-O 13. Nd2 Qc7 14. g4 Bh7 15. Qh4
Be7 16. Qg3 Nxe5 17. fxe5 Nd7 18. Nf3 f6 19. Bb5 Nb6 20. Be2 Nd7 21. Bb5 Nb6
22. Be2 a6 23. h4 Be4 24. g5 hxg5 25. hxg5 fxe5 26. g6 Rf6 27. Nxe5 Rxg6 28.
Bg4 Nd7 29. Rf4 Nxe5 30. dxe5 Qxe5 31. Rf8+ Rxf8 32. Qxe5 Rxg4+ 33. Kh2 Rf2+
34. Kh3 Rh4+ 35. Kg3 Rg2# 0-1

[Event "DM 2023 Kort Paaske 1 Grp1"]
[Site "Svendborg"]
[Date "2023.04.01"]
[Round "1"]
[White "Christensen, John Christopher H"]
[Black "Rasmussen, Matthias"]
[Result "1-0"]
[WhiteElo "1924"]
[BlackElo "1710"]
[PlyCount "23"]
[EventDate "2023.04.01"]
[EventType "swiss"]
[EventRounds "5"]
[EventCountry "DEN"]
[SourceTitle "Live v. Kasper Jerwiarz"]

1. e4 e6 2. d4 d5 3. Nc3 Bb4 4. Nge2 dxe4 5. a3 Bxc3+ 6. Nxc3 Nc6 7. Bb5 Nge7
8. Bg5 Bd7 9. Nxe4 Nxd4 10. Qxd4 Bxb5 11. Qxg7 Kd7 12. O-O-O+ 1-0

[Event "DM 2023 Kort Paaske 1 Grp1"]
[Site "Svendborg"]
[Date "2023.04.01"]
[Round "1"]
[White "Kronborg, Anders Farver"]
[Black "Poulsen, Peter Risgaard"]
[Result "1/2-1/2"]
[WhiteElo "1727"]
[BlackElo "1880"]
[PlyCount "54"]
[EventDate "2023.04.01"]
[EventType "swiss"]
[EventRounds "5"]
[EventCountry "DEN"]
[SourceTitle "Live v. Kasper Jerwiarz"]

1. d4 f5 2. g4 d5 3. g5 c5 4. Nf3 cxd4 5. Nxd4 e5 6. Nb3 Nc6 7. Bg2 Be6 8. f4
e4 9. Nd4 Nxd4 10. Qxd4 Ne7 11. Nd2 Nc6 12. Qa4 Bc5 13. Nb3 Qb6 14. Nxc5 Qxc5
15. e3 b5 16. Qb3 Kf7 17. c3 Qb6 18. Qd1 a5 19. h4 b4 20. Kf2 a4 21. Bd2 g6 22.
h5 a3 23. b3 Rad8 24. hxg6+ hxg6 25. Rxh8 Rxh8 26. cxb4 Nxb4 27. Bxb4 Qxb4
1/2-1/2

[Event "DM 2023 Kort Paaske 1 Grp1"]
[Site "Svendborg"]
[Date "2023.04.02"]
[Round "2"]
[White "Nielsen Refs, Karl Emil Elmer"]
[Black "Easwaralingam, Adesh"]
[Result "1/2-1/2"]
[WhiteElo "2024"]
[BlackElo "2164"]
[PlyCount "81"]
[EventDate "2023.04.01"]
[EventType "swiss"]
[EventRounds "5"]
[EventCountry "DEN"]
[SourceTitle "Live v. Kasper Jerwiarz"]

1. d4 Nf6 2. c4 e6 3. Nc3 Bb4 4. e3 O-O 5. Bd3 d5 6. Nf3 dxc4 7. Bxc4 c5 8. O-O
Nc6 9. Ne2 cxd4 10. Nexd4 Bd7 11. Qe2 Qc7 12. a3 Be7 13. Nxc6 Bxc6 14. b3 Bd6
15. h3 e5 16. Bb2 Rad8 17. Rac1 Qe7 18. Rfd1 h6 19. Nh4 Ne4 20. Ng6 Qg5 21.
Nxf8 Nc3 22. Qg4 Qxg4 23. hxg4 Nxd1 24. Ne6 fxe6 25. Rxd1 Kf7 26. Bxe5 Be7 27.
Rxd8 Bxd8 28. b4 b5 29. Bb3 a5 30. bxa5 Bxa5 31. Bd6 Kf6 32. f4 Bc3 33. Kf2 e5
34. g3 Be4 35. a4 bxa4 36. Bxa4 Ke6 37. Bf8 Kf7 38. Bd6 Ke6 39. Bf8 Kf7 40. Bc5
Bd5 41. Bd7 1/2-1/2

[Event "DM 2023 Kort Paaske 1 Grp1"]
[Site "Svendborg"]
[Date "2023.04.02"]
[Round "2"]
[White "Christensen, John Christopher H"]
[Black "Marthedal, Anton Mehmet Yildiz"]
[Result "0-1"]
[WhiteElo "1924"]
[BlackElo "2072"]
[PlyCount "140"]
[EventDate "2023.04.01"]
[EventType "swiss"]
[EventRounds "5"]
[EventCountry "DEN"]
[SourceTitle "Live v. Kasper Jerwiarz"]

1. e4 c5 2. Nf3 d6 3. d4 cxd4 4. Nxd4 Nf6 5. Nc3 a6 6. h4 e5 7. Nb3 Be7 8. Bg5
Be6 9. Bxf6 Bxf6 10. g3 Nc6 11. a4 Rc8 12. Bh3 Qd7 13. Bxe6 fxe6 14. Qh5+ Qf7
15. Qe2 O-O 16. Rd1 Nd4 17. Nxd4 exd4 18. Nb1 Qc7 19. Na3 Qa5+ 20. Rd2 Qxa4 21.
O-O Rc5 22. Qg4 Qd7 23. b3 b5 24. f4 Rfc8 25. Rff2 Bd8 26. Kg2 Bb6 27. Rfe2 Rc3
28. e5 dxe5 29. Rxe5 R8c6 30. Rde2 Re3 31. h5 h6 32. Qg6 Rxe2+ 33. Rxe2 e5 34.
Qe4 exf4 35. Qxf4 Bc7 36. Qe4 Rc3 37. Qa8+ Bd8 38. Qe4 Bf6 39. Nb1 Rc5 40. Qa8+
Kf7 41. Qf3 Rf5 42. Qe4 Rxh5 43. g4 Rg5 44. Kf3 h5 45. Rg2 Rxg4 46. Rxg4 Qxg4+
47. Qxg4 hxg4+ 48. Kxg4 Ke6 49. Nd2 Kd5 50. Kf5 Kc5 51. Ke4 Kb4 52. Kd3 a5 53.
Ne4 a4 54. bxa4 bxa4 55. Kd2 Be5 56. Kc1 g5 57. Kb2 g4 58. Nf2 d3+ 59. Kc1 Bf4+
60. Kd1 a3 61. Nxd3+ Kc3 62. Nxf4 a2 63. Ne2+ Kc4 64. Kd2 a1=Q 65. Nc1 Qc3+ 66.
Kd1 g3 67. Ne2 g2 68. Ng1 Qa1+ 69. Ke2 Qxg1 70. Kf3 Qf1+ 0-1

[Event "DM 2023 Kort Paaske 1 Grp1"]
[Site "Svendborg"]
[Date "2023.04.02"]
[Round "2"]
[White "Poulsen, Peter Risgaard"]
[Black "Hansen, Mikkel Strandby"]
[Result "1/2-1/2"]
[WhiteElo "1880"]
[BlackElo "1795"]
[PlyCount "37"]
[EventDate "2023.04.01"]
[EventType "swiss"]
[EventRounds "5"]
[EventCountry "DEN"]
[SourceTitle "Live v. Kasper Jerwiarz"]

1. d4 d5 2. Bf4 e6 3. e3 Nf6 4. Nd2 c5 5. c3 Nc6 6. Ngf3 cxd4 7. exd4 Nh5 8.
Bg3 Nxg3 9. hxg3 g6 10. Ne5 Nxe5 11. dxe5 Bg7 12. Nf3 O-O 13. Bd3 f6 14. Qe2
fxe5 15. Nxe5 Qg5 16. Nf3 Qf6 17. O-O e5 18. Bc2 d4 19. Be4 1/2-1/2

[Event "DM 2023 Kort Paaske 1 Grp1"]
[Site "Svendborg"]
[Date "2023.04.02"]
[Round "2"]
[White "Christensen, Simon"]
[Black "Kronborg, Anders Farver"]
[Result "1-0"]
[WhiteElo "1981"]
[BlackElo "1727"]
[PlyCount "89"]
[EventDate "2023.04.01"]
[EventType "swiss"]
[EventRounds "5"]
[EventCountry "DEN"]
[SourceTitle "Live v. Kasper Jerwiarz"]

1. d4 d5 2. c4 e6 3. Nc3 Be7 4. Nf3 Nf6 5. Bf4 a6 6. c5 O-O 7. e3 b6 8. b4 Bb7
9. Bd3 Ne4 10. Qc2 Nxc3 11. Qxc3 c6 12. O-O a5 13. bxa5 bxc5 14. dxc5 Qxa5 15.
Qxa5 Rxa5 16. Rfb1 Ba6 17. Bxh7+ Kxh7 18. Bxb8 Bxc5 19. a4 Bd3 20. Rb2 Be7 21.
Bc7 Ra7 22. Bb6 Rb7 23. Rd1 Bg6 24. a5 Ra8 25. Rdd2 Bf6 26. Bd4 Rxb2 27. Rxb2
Rxa5 28. h4 c5 29. Bxf6 gxf6 30. Rb7 Kg7 31. Rc7 c4 32. Nd4 Kh6 33. g4 Ra1+ 34.
Kg2 e5 35. Ne2 Kg7 36. Ng3 Rc1 37. Kf3 c3 38. Ne2 Be4+ 39. Kg3 Rc2 40. Nxc3 d4
41. exd4 exd4 42. Rxf7+ Kxf7 43. Nxe4 d3 44. Kf3 Rc4 45. Nd6+ 1-0

[Event "DM 2023 Kort Paaske 1 Grp1"]
[Site "Svendborg"]
[Date "2023.04.02"]
[Round "2"]
[White "Ringsmose, Christian"]
[Black "Marcussen, Claus"]
[Result "1-0"]
[WhiteElo "1778"]
[BlackElo "1643"]
[PlyCount "58"]
[EventDate "2023.04.01"]
[EventType "swiss"]
[EventRounds "5"]
[EventCountry "DEN"]
[SourceTitle "Live v. Kasper Jerwiarz"]

1. e4 d5 2. exd5 Qxd5 3. Nc3 Qd8 4. d4 g6 5. Bf4 Nh6 6. Qd2 Nf5 7. O-O-O Bg7 8.
Nf3 O-O 9. g4 Nd6 10. Rg1 c6 11. h4 b5 12. Bd3 Be6 13. Kb1 Qc8 14. Bh6 Bxg4 15.
Bxg7 Kxg7 16. Qf4 Bxf3 17. Qxf3 Nd7 18. h5 Nf6 19. Rde1 Qd7 20. Re5 e6 21. h6+
Kg8 22. Qxf6 Ne8 23. Qf4 f6 24. Re3 Rd8 25. Ne2 Nc7 26. Reg3 Nd5 27. Qe4 Qf7
28. Nf4 f5 29. Qe5 a6 1-0

[Event "DM 2023 Kort Paaske 1 Grp1"]
[Site "Svendborg"]
[Date "2023.04.02"]
[Round "2"]
[White "Petersen, Frank Gjerning"]
[Black "Rasmussen, Matthias"]
[Result "1-0"]
[WhiteElo "1770"]
[BlackElo "1710"]
[PlyCount "63"]
[EventDate "2023.04.01"]
[EventType "swiss"]
[EventRounds "5"]
[EventCountry "DEN"]
[SourceTitle "Live v. Kasper Jerwiarz"]

1. d4 Nf6 2. Bf4 e6 3. Nd2 c5 4. e3 cxd4 5. exd4 Nc6 6. c3 d5 7. Ngf3 Bd6 8.
Bg3 O-O 9. Bd3 Re8 10. Ne5 Qc7 11. f4 Qb6 12. Rb1 g6 13. Qf3 Nh5 14. Bf2 Qa5
15. O-O Qxa2 16. g4 Ng7 17. h4 h5 18. Kh1 Ne7 19. Rg1 Bxe5 20. fxe5 hxg4 21.
Qxg4 Qa5 22. h5 Ngf5 23. Nf3 Kg7 24. Qg5 Rh8 25. Bxf5 Nxf5 26. Qf6+ Kg8 27.
Rxg6+ fxg6 28. Qxg6+ Ng7 29. Rg1 Qc7 30. Qe8+ Kh7 31. Ng5+ Kh6 32. Qg6# 1-0

[Event "DM 2023 Kort Paaske 1 Grp1"]
[Site "Svendborg"]
[Date "2023.04.02"]
[Round "3"]
[White "Hansen, Mikkel Strandby"]
[Black "Nielsen Refs, Karl Emil Elmer"]
[Result "0-1"]
[WhiteElo "1795"]
[BlackElo "2024"]
[PlyCount "46"]
[EventDate "2023.04.01"]
[EventType "swiss"]
[EventRounds "5"]
[EventCountry "DEN"]
[SourceTitle "Live v. Kasper Jerwiarz"]

1. d4 Nf6 2. Bf4 g6 3. Qd2 Bg7 4. Nc3 d5 5. f3 c5 6. e3 O-O 7. O-O-O Nc6 8. g4
h5 9. h3 Qa5 10. Kb1 a6 11. Nge2 b5 12. Be5 b4 13. Nxd5 Nxd5 14. Bxg7 Kxg7 15.
gxh5 Be6 16. b3 Nc3+ 17. Nxc3 bxc3 18. Qc1 Nb4 19. a3 Bxb3 20. h6+ Kh7 21. cxb3
c2+ 22. Kb2 cxd1=Q 23. Qxd1 Nd5 0-1

[Event "DM 2023 Kort Paaske 1 Grp1"]
[Site "Svendborg"]
[Date "2023.04.02"]
[Round "3"]
[White "Poulsen, Peter Risgaard"]
[Black "Christensen, Simon"]
[Result "1/2-1/2"]
[WhiteElo "1880"]
[BlackElo "1981"]
[PlyCount "31"]
[EventDate "2023.04.01"]
[EventType "swiss"]
[EventRounds "5"]
[EventCountry "DEN"]
[SourceTitle "Live v. Kasper Jerwiarz"]

1. d4 e6 2. Nc3 d5 3. Bf4 Bd6 4. Bg3 b6 5. e3 Nf6 6. Nf3 Bxg3 7. hxg3 Qe7 8.
Ne5 Qb4 9. Nd3 Qe7 10. f3 Ba6 11. Qd2 Qd6 12. Ne2 Nc6 13. g4 g6 14. g5 Nh5 15.
f4 f5 16. Kf2 1/2-1/2

[Event "DM 2023 Kort Paaske 1 Grp1"]
[Site "Svendborg"]
[Date "2023.04.02"]
[Round "3"]
[White "Ringsmose, Christian"]
[Black "Christensen, John Christopher H"]
[Result "1-0"]
[WhiteElo "1778"]
[BlackElo "1924"]
[PlyCount "59"]
[EventDate "2023.04.01"]
[EventType "swiss"]
[EventRounds "5"]
[EventCountry "DEN"]
[SourceTitle "Live v. Kasper Jerwiarz"]

1. e4 c5 2. Nf3 e6 3. c4 a6 4. Nc3 d6 5. d4 cxd4 6. Nxd4 Nf6 7. Be2 Nbd7 8. g4
Nc5 9. Qc2 b6 10. b4 Nb7 11. Be3 Qc7 12. g5 Nd7 13. f4 Be7 14. f5 Ne5 15. fxe6
fxe6 16. O-O Nd8 17. Qa4+ Bd7 18. Qb3 Ndf7 19. c5 Bxg5 20. Bxg5 Nxg5 21. cxd6
Qxd6 22. Rad1 Qe7 23. Na4 Nxe4 24. Nxb6 Rd8 25. Nxd7 Rxd7 26. Bxa6 Rd5 27. Bb5+
Kd8 28. Nxe6+ Qxe6 29. Rxd5+ Ke7 30. Rxe5 1-0

[Event "DM 2023 Kort Paaske 1 Grp1"]
[Site "Svendborg"]
[Date "2023.04.02"]
[Round "3"]
[White "Kronborg, Anders Farver"]
[Black "Petersen, Frank Gjerning"]
[Result "0-1"]
[WhiteElo "1727"]
[BlackElo "1770"]
[PlyCount "48"]
[EventDate "2023.04.01"]
[EventType "swiss"]
[EventRounds "5"]
[EventCountry "DEN"]
[SourceTitle "Live v. Kasper Jerwiarz"]

1. d4 f5 2. g4 d5 3. g5 Nc6 4. Bf4 e6 5. h4 Bd6 6. Nh3 Qe7 7. Nc3 Bd7 8. Qd2 a6
9. Bg2 O-O-O 10. O-O-O Be8 11. Kb1 Bb4 12. Qe3 Qd7 13. a3 Bxc3 14. Qxc3 Nge7
15. Bg3 Bf7 16. Rd3 Kb8 17. Qc5 Nc8 18. Rhd1 Nd6 19. Rb3 Nb5 20. a4 Nd6 21.
Rdd3 Nc4 22. Ka1 Ka8 23. Rdc3 b6 24. Rxb6 cxb6 0-1

[Event "DM 2023 Kort Paaske 1 Grp1"]
[Site "Svendborg"]
[Date "2023.04.02"]
[Round "3"]
[White "Rasmussen, Matthias"]
[Black "Marcussen, Claus"]
[Result "1-0"]
[WhiteElo "1710"]
[BlackElo "1643"]
[PlyCount "37"]
[EventDate "2023.04.01"]
[EventType "swiss"]
[EventRounds "5"]
[EventCountry "DEN"]
[SourceTitle "Live v. Kasper Jerwiarz"]

1. e4 d5 2. exd5 Qxd5 3. Nc3 Qd8 4. Nf3 g6 5. Bc4 Bg7 6. O-O Nd7 7. Re1 Nb6 8.
Bb3 Nh6 9. d4 Nf5 10. Bg5 h6 11. Bf4 a5 12. Ne5 e6 13. a4 O-O 14. d5 exd5 15.
Nxd5 Nxd5 16. Bxd5 Nd6 17. Nxg6 Bxb2 18. Rb1 Bc3 19. Re3 1-0

[Event "DM 2023 Kort Paaske 1 Grp1"]
[Site "Svendborg"]
[Date "2023.04.03"]
[Round "4"]
[White "Nielsen Refs, Karl Emil Elmer"]
[Black "Marthedal, Anton Mehmet Yildiz"]
[Result "1-0"]
[WhiteElo "2024"]
[BlackElo "2072"]
[PlyCount "55"]
[EventDate "2023.04.01"]
[EventType "swiss"]
[EventRounds "5"]
[EventCountry "DEN"]
[SourceTitle "Live v. Kasper Jerwiarz"]

1. d4 Nf6 2. c4 g6 3. Nc3 d5 4. cxd5 Nxd5 5. e4 Nxc3 6. bxc3 Bg7 7. Bc4 c5 8.
Ne2 O-O 9. O-O Nc6 10. Be3 Bg4 11. f3 Bd7 12. Rb1 Qc7 13. Bd3 Rfd8 14. Qd2 Be8
15. Rfc1 a6 16. h4 h5 17. e5 c4 18. Be4 Bxe5 19. Qb2 Bh2+ 20. Kh1 Bg3 21. Nxg3
Qxg3 22. Bf2 Qf4 23. Qe2 b5 24. a4 Ra7 25. d5 f5 26. dxc6 fxe4 27. Bxa7 Rd2 28.
Qxe4 1-0

[Event "DM 2023 Kort Paaske 1 Grp1"]
[Site "Svendborg"]
[Date "2023.04.03"]
[Round "4"]
[White "Petersen, Frank Gjerning"]
[Black "Ringsmose, Christian"]
[Result "0-1"]
[WhiteElo "1770"]
[BlackElo "1778"]
[PlyCount "44"]
[EventDate "2023.04.01"]
[EventType "swiss"]
[EventRounds "5"]
[EventCountry "DEN"]
[SourceTitle "Live v. Kasper Jerwiarz"]

1. d4 d5 2. Bf4 c5 3. dxc5 Nc6 4. Nf3 e6 5. e3 Bxc5 6. Nbd2 Nf6 7. c3 O-O 8.
Bd3 Re8 9. Ne5 Nxe5 10. Bxe5 b6 11. h4 Bb7 12. Rh3 Ne4 13. Bb5 Nxd2 14. Kxd2 f6
15. Bxe8 Qxe8 16. Bh2 Ba6 17. a4 e5 18. Bg3 d4 19. Qb3+ Kh8 20. exd4 exd4 21.
Re1 dxc3+ 22. bxc3 Rd8+ 0-1

[Event "DM 2023 Kort Paaske 1 Grp1"]
[Site "Svendborg"]
[Date "2023.04.03"]
[Round "4"]
[White "Easwaralingam, Adesh"]
[Black "Hansen, Mikkel Strandby"]
[Result "1-0"]
[WhiteElo "2164"]
[BlackElo "1795"]
[PlyCount "47"]
[EventDate "2023.04.01"]
[EventType "swiss"]
[EventRounds "5"]
[EventCountry "DEN"]
[SourceTitle "Live v. Kasper Jerwiarz"]

1. e4 e6 2. d4 d5 3. Nd2 Nf6 4. e5 Nfd7 5. Bd3 c5 6. c3 Nc6 7. Ne2 cxd4 8. cxd4
f6 9. exf6 Nxf6 10. Nf3 Bd6 11. O-O O-O 12. Bg5 Qc7 13. Rc1 Nh5 14. Qc2 h6 15.
Be3 Rxf3 16. gxf3 Bxh2+ 17. Kg2 Nf4+ 18. Nxf4 Bxf4 19. Qd2 Bxe3 20. fxe3 Qe7
21. f4 e5 22. dxe5 Qh4 23. Rf3 d4 24. e4 1-0

[Event "DM 2023 Kort Paaske 1 Grp1"]
[Site "Svendborg"]
[Date "2023.04.03"]
[Round "4"]
[White "Christensen, Simon"]
[Black "Christensen, John Christopher H"]
[Result "1/2-1/2"]
[WhiteElo "1981"]
[BlackElo "1924"]
[PlyCount "48"]
[EventDate "2023.04.01"]
[EventType "swiss"]
[EventRounds "5"]
[EventCountry "DEN"]
[SourceTitle "Live v. Kasper Jerwiarz"]

1. d4 d5 2. c4 e6 3. Nc3 Nf6 4. Nf3 c6 5. Bg5 Nbd7 6. Qc2 Be7 7. e3 O-O 8.
O-O-O dxc4 9. Bxc4 b5 10. Bd3 Bb7 11. h4 b4 12. Ne4 h5 13. Bxf6 Bxf6 14. Nfg5
Qe7 15. Be2 c5 16. Nxc5 Bxg5 17. hxg5 Nxc5 18. dxc5 Rac8 19. Kb1 Rxc5 20. Qa4
Be4+ 21. Bd3 Bxg2 22. Rxh5 Bf3 23. Rh3 Bg4 24. Rh4 Bxd1 1/2-1/2

[Event "DM 2023 Kort Paaske 1 Grp1"]
[Site "Svendborg"]
[Date "2023.04.03"]
[Round "4"]
[White "Rasmussen, Matthias"]
[Black "Poulsen, Peter Risgaard"]
[Result "1-0"]
[WhiteElo "1710"]
[BlackElo "1880"]
[PlyCount "39"]
[EventDate "2023.04.01"]
[EventType "swiss"]
[EventRounds "5"]
[EventCountry "DEN"]
[SourceTitle "Live v. Kasper Jerwiarz"]

1. d4 d5 2. Bf4 e6 3. Nf3 c6 4. e3 f5 5. Ne5 Nf6 6. Be2 Bd6 7. Bh5+ g6 8. Be2
Qe7 9. h4 Bxe5 10. dxe5 Ng8 11. g4 Nd7 12. g5 Qb4+ 13. Nd2 Qxb2 14. h5 Nxe5 15.
Rb1 Nd3+ 16. Bxd3 Qg7 17. h6 Qf8 18. Be5 Ne7 19. Bg7 Qg8 20. Qc1 1-0

[Event "DM 2023 Kort Paaske 1 Grp1"]
[Site "Svendborg"]
[Date "2023.04.03"]
[Round "4"]
[White "Marcussen, Claus"]
[Black "Kronborg, Anders Farver"]
[Result "0-1"]
[WhiteElo "1643"]
[BlackElo "1727"]
[PlyCount "66"]
[EventDate "2023.04.01"]
[EventType "swiss"]
[EventRounds "5"]
[EventCountry "DEN"]
[SourceTitle "Live v. Kasper Jerwiarz"]

1. f4 d5 2. Nf3 Nf6 3. e3 e6 4. d4 Be7 5. Bd3 b6 6. c3 O-O 7. O-O Ba6 8. Bxa6
Nxa6 9. Qd3 Qc8 10. Nbd2 c5 11. Ne5 Qb7 12. f5 Nc7 13. g4 exf5 14. gxf5 Nce8
15. Qe2 Nd6 16. Qg2 c4 17. Kf2 a5 18. Ke2 a4 19. Rg1 Nxf5 20. e4 Nxe4 21. Nxe4
dxe4 22. Bh6 Bf6 23. Ng4 Bxd4 24. cxd4 Nxd4+ 25. Kd1 g6 26. Nf6+ Kh8 27. Bxf8
Rxf8 28. Qh3 Kg7 29. Qh4 Nf3 30. Qxh7+ Kxf6 31. Rxg6+ Ke7 32. Rg2 Qd5+ 33. Kc1
Rd8 0-1

[Event "DM 2023 Kort Paaske 1 Grp1"]
[Site "Svendborg"]
[Date "2023.04.03"]
[Round "5"]
[White "Ringsmose, Christian"]
[Black "Nielsen Refs, Karl Emil Elmer"]
[Result "1-0"]
[WhiteElo "1778"]
[BlackElo "2024"]
[PlyCount "63"]
[EventDate "2023.04.01"]
[EventType "swiss"]
[EventRounds "5"]
[EventCountry "DEN"]
[SourceTitle "Live v. Kasper Jerwiarz"]

1. e4 e6 2. d4 d5 3. Nc3 Nf6 4. Bg5 dxe4 5. Nxe4 Nbd7 6. Bd3 h6 7. Bh4 Be7 8.
Qe2 O-O 9. O-O-O Nd5 10. Bxe7 Qxe7 11. Qd2 Nb4 12. Nc3 Nxd3+ 13. Qxd3 Nf6 14.
Nf3 b6 15. Rhg1 Rd8 16. g4 c5 17. g5 hxg5 18. Rxg5 cxd4 19. Ne4 Bb7 20. Ned2
Rac8 21. Rdg1 Ne8 22. Rh5 f5 23. Ne5 Qc5 24. Ndc4 Nf6 25. Rh6 Rd5 26. Rxf6 Rxe5
27. Nxe5 Be4 28. Rxg7+ Kxg7 29. Rf7+ Kh6 30. Qh3+ Kg5 31. f4+ Kxf4 32. Qg3# 1-0

[Event "DM 2023 Kort Paaske 1 Grp1"]
[Site "Svendborg"]
[Date "2023.04.03"]
[Round "5"]
[White "Easwaralingam, Adesh"]
[Black "Petersen, Frank Gjerning"]
[Result "1-0"]
[WhiteElo "2164"]
[BlackElo "1770"]
[PlyCount "61"]
[EventDate "2023.04.01"]
[EventType "swiss"]
[EventRounds "5"]
[EventCountry "DEN"]
[SourceTitle "Live v. Kasper Jerwiarz"]

1. e4 d6 2. d4 Nf6 3. Nc3 Nbd7 4. Nf3 e5 5. Bc4 Be7 6. O-O c6 7. Re1 O-O 8. a4
Qc7 9. Bb3 b6 10. Bg5 Bb7 11. Qe2 Rae8 12. Rad1 h6 13. Bc1 Kh7 14. Ba2 a5 15.
Qd2 Ng8 16. dxe5 Nxe5 17. Nd4 g6 18. f4 Nd7 19. Nf3 Rd8 20. Kh1 Ndf6 21. Qe2
Bc8 22. Bc4 Nh5 23. f5 Ngf6 24. Nd4 Ng7 25. Bd3 Rfe8 26. Qf3 Rf8 27. Qg3 Nfh5
28. Qh3 g5 29. g4 Nf4 30. Bxf4 gxf4 31. f6 1-0

[Event "DM 2023 Kort Paaske 1 Grp1"]
[Site "Svendborg"]
[Date "2023.04.03"]
[Round "5"]
[White "Marthedal, Anton Mehmet Yildiz"]
[Black "Christensen, Simon"]
[Result "1-0"]
[WhiteElo "2072"]
[BlackElo "1981"]
[PlyCount "101"]
[EventDate "2023.04.01"]
[EventType "swiss"]
[EventRounds "5"]
[EventCountry "DEN"]
[SourceTitle "Live v. Kasper Jerwiarz"]

1. e4 e6 2. d4 d5 3. Nc3 Bb4 4. e5 Ne7 5. a3 Bxc3+ 6. bxc3 c5 7. Qg4 Qc7 8.
Qxg7 Rg8 9. Qxh7 cxd4 10. Ne2 dxc3 11. f4 Nbc6 12. Qd3 d4 13. Nxd4 Nxd4 14.
Qxd4 Bd7 15. Rg1 Nf5 16. Qf2 Qc6 17. Bd3 Qd5 18. g4 Nd4 19. Rg3 Qh1+ 20. Bf1
Bb5 21. Rxc3 Rxg4 22. Be3 Nf5 23. O-O-O Bxf1 24. Rxf1 Qe4 25. Bxa7 Rg2 26. Qb6
Ne7 27. Qb5+ Nc6 28. Qxb7 Rxa7 29. Qxc6+ Qxc6 30. Rxc6 Rxa3 31. Kb2 Rh3 32. Ra1
Rd2 33. Ra8+ Rd8 34. Ra7 Rd7 35. Rc8+ Ke7 36. Rcc7 Rxc7 37. Rxc7+ Ke8 38. Rc4
Kd7 39. Rd4+ Kc6 40. Rd6+ Kc7 41. f5 exf5 42. Rf6 Rxh2 43. Rxf7+ Kc6 44. Rxf5
Kd5 45. Rg5 Re2 46. Kb3 Re3+ 47. Kb4 Re1 48. c4+ Kd4 49. Kb5 Rb1+ 50. Kc6 Kxc4
51. Rg4+ 1-0

[Event "DM 2023 Kort Paaske 1 Grp1"]
[Site "Svendborg"]
[Date "2023.04.03"]
[Round "5"]
[White "Kronborg, Anders Farver"]
[Black "Rasmussen, Matthias"]
[Result "1-0"]
[WhiteElo "1727"]
[BlackElo "1710"]
[PlyCount "53"]
[EventDate "2023.04.01"]
[EventType "swiss"]
[EventRounds "5"]
[EventCountry "DEN"]
[SourceTitle "Live v. Kasper Jerwiarz"]

1. d4 d5 2. c4 c6 3. Nc3 Nf6 4. Nf3 Bf5 5. cxd5 cxd5 6. Qb3 Qb6 7. Bf4 Nc6 8.
e3 e6 9. Qxb6 axb6 10. Bb5 Bb4 11. Ne5 O-O 12. Bxc6 bxc6 13. Nxc6 Bxc3+ 14.
bxc3 Ra3 15. Ne7+ Kh8 16. Nxf5 exf5 17. Bd6 Rfa8 18. Bxa3 Rxa3 19. O-O Ne4 20.
Rfb1 Nxc3 21. Rxb6 g6 22. Rb3 Rxa2 23. Rxa2 Nxa2 24. Kf1 Kg7 25. Ke1 Nc1 26.
Ra3 f4 27. exf4 1-0